Poesía y poetas ingleses /

Guardado en:
Autor Principal: Arnold, Matthew
Formato: Libro
Publicado: Argentina : Espasa Calpe, 1950
Materias:
Etiquetas: Agregar Etiqueta
Sin Etiquetas, Sea el primero en etiquetar este registro!
LEADER 00454nam a22001695a 4500
001 CEM.cems000702
005 20060210000000.0
008 130507s1950##################000#0#####d
003 CEMS
082 0 4 |a 821.8 
100 1 |a Arnold, Matthew 
245 1 0 |a Poesía y poetas ingleses / 
260 |a Argentina :  |b Espasa Calpe,  |c 1950 
300 |a 145 p. 
653 |a Literatura 
653 |a Poesia inglesa 
859 |a CEMS  |b BIB. CEMS - 11 de abril  |h 821.8  |i Ar64  |p 9104.81  |t Ej.1